1059 1534 1838 1024 1968 1189 1954 1227 1800 1936 1538 1765 1474 1489 1285 1969 1742 1802 1045 1321 1844 1284 1767 1279 1045 1716 1076 1431 1005 1691 1964 1636 1161 1284 1264 1219 1114 1906 1015 1449 1400 1645 1644 1027 1996 1942 1377 1663 1014 1745 1552 1386 1467 1548 1477 1544 1162 1353 1264 1456 1099 1218 1975 1014 1828 1268 1723 1046 1947 1674 1592 1299 1406 1560 1034 1931 1413 1610 1029 1376 1384 1237 1298 1297 1879 1668 1188 1225 1620 1265 1801 1788 1344 1601 1021 1231 1622 1512 1753 BCNSPRNW ULIB Ver.6.0+V

เปลี่ยนเป็นภาษาไทย

Change to English
 แสดงรายละเอียดบรรณานุกรม
  กลับหน้าหลัก

Brief Record : Get Marc (ISO 2709) : E-mail record : QR code < ปิดหน้าต่าง
LEADER : 00000nam 2200000uu 4500
001    13399126876
003     ULIB
008    020711s2561 th a 000 0 tha d
020    ^a9786164073869
060    ^aWW168^bศ696ต
100    ^aศุภพงศ์ ถิรคุณวิชชะ
245    ^aตำรา ศัลยกรรมจักษุตกแต่งและเสริมสร้าง (OCULOP LASTIC AND RECONSTRUCTIVE SURGERY)
250    ^aพิมพ์ครั้งที่ 1
260    ^aกรุงเทพฯ :^bภาควิชาจักษุวิทยา คณะแพทยศาสตร์ จุฬาลงกรณ์มหาวิทยาลัย,^c2561
300    ^a376 หน้า;^b26 ซม.
650    ^aศัลยกรรมตกแต่งตา
945    ^p1000^l0^i005621
945    ^p1000^l0^i005619
945    ^p1000^l0^i005618
945    ^p1000^l0^i005620
945    ^p1000^l0^i005617
999    ^aประนอม เกษจรัล
รายการนี้ยังไม่มีแท็ก
คุณยังไม่ได้ล็อกอิน คุณสามารถมีกิจกรรมร่วมกับเว็บไซต์ได้ แต่ต้องล็อกอินก่อน ::
  ล็อกอิน

รายการสื่อสารสนเทศ

ลำดับที่ ประเภท เลขเรียก/บาร์โค้ด สถานที่ สถานะ
1. วิทยาศาสตร์การแพทย์ และสุขภาพ
หนังสือสำรอง
สถานะ=หนังสือสำรอง
WW168 ศ696ต ฉ.1 
  Barcode: 005617
ห้องสมุดวิทยาเขตสวรรค์ประชารักษ์
►หนังสือทั่วไป
บนชั้น
2. วิทยาศาสตร์การแพทย์ และสุขภาพ
วิทยาศาสตร์การแพทย์ และสุขภาพ
WW168 ศ696ต ฉ.2 
  Barcode: 005618
ห้องสมุดวิทยาเขตสวรรค์ประชารักษ์
►หนังสือทั่วไป
บนชั้น
3. วิทยาศาสตร์การแพทย์ และสุขภาพ
วิทยาศาสตร์การแพทย์ และสุขภาพ
WW168 ศ696ต ฉ.3 
  Barcode: 005619
ห้องสมุดวิทยาเขตสวรรค์ประชารักษ์
►หนังสือทั่วไป
บนชั้น
4. วิทยาศาสตร์การแพทย์ และสุขภาพ
วิทยาศาสตร์การแพทย์ และสุขภาพ
WW168 ศ696ต ฉ.4 
  Barcode: 005620
ห้องสมุดวิทยาเขตสวรรค์ประชารักษ์
►หนังสือทั่วไป
บนชั้น
5. วิทยาศาสตร์การแพทย์ และสุขภาพ
วิทยาศาสตร์การแพทย์ และสุขภาพ
WW168 ศ696ต ฉ.5 
  Barcode: 005621
ห้องสมุดวิทยาเขตสวรรค์ประชารักษ์
►หนังสือทั่วไป
บนชั้น

รายการใกล้เคียง
    ชื่อเรื่อง [ตำรา ศัลยกรรมจักษุตกแต่งและเสริมสร้าง (OCULOP LASTIC AND RECONSTRUCTIVE SURGERY)]

    ผู้แต่ง [ศุภพงศ์ ถิรคุณวิชชะ]

    หัวเรื่อง [ศัลยกรรมตกแต่งตา]

BibComment


ยังไม่เคยถูกคอมเมนท์

คอมเมนท์ทรัพยากรรายการนี้
  คอมเมนท์: ตำรา ศัลยกรรมจัก..


 Copyright 2026. Bcnsprnw @Library